000
00266nam a2200097 4500
008
241202b |||||||| |||| 00| 0 eng d
245
_a
The Radical Humanist
_c
Mahi Pal Singh
260
_a
Delhi
_b
Sheoraj Singh
_c
2024
300
_a
Vol.88 No.7
942
_2
ddc
_c
SR
_m
RAD
_s
1
999
_c
207284
_d
207284